000 01589nam a2200253 a 4500
008 110112s2006 ||||||||||||||||| || u
020 _a9789792446722
020 _a9792446729
050 _aSD 242.M27 Low
100 _aLowore, Janet
245 1 0 _aMiombo woodlands and rural livelihoods in Malawi
260 _aIndonesia:
_bCenter for International Forestry Research (CIFOR)
_c2006
300 _avi, 18p.: ill
350 _a2.03
650 _aFORESTRY
650 _aFORESTRY AND COMMUNITY--MALAWI
650 _aRURAL LIVELIHOODS--MALAWI
995 _aANNEX COLLECTION (Main Library)
_D0.00
_e742388
_FCBU-MAIN LIBRARY (Kitwe)
_H1
_I0.00
_jSD 242.M27 Low
_M5
_UAVAILABLE
_WJul 13, 2011
_y742388
_ZAnnex Low-Usage Collection
995 _aSPECIAL COLLECTIONS
_D0.00
_e742384
_FCBU-MAIN LIBRARY (Kitwe)
_H1
_I0.00
_jCIFOR(02)2006/1A
_M1
_UAVAILABLE
_WJul 13, 2011
_y742384
_ZInternational Publications
995 _aANNEX COLLECTION (Main Library)
_D0.00
_e742386
_FCBU-MAIN LIBRARY (Kitwe)
_H1
_I0.00
_jSD 242.M27 Low
_M3
_UAVAILABLE
_WJul 13, 2011
_y742386
_ZAnnex Low-Usage Collection
995 _aMAIN LIBRARY OPEN ACCESS
_D0.00
_e742389
_FCBU-MAIN LIBRARY (Kitwe)
_H1
_I0.00
_jSD 242.M27 Low
_M6
_UAVAILABLE
_WJul 13, 2011
_y742389
_ZMain Library Open Access Collection
995 _aMAIN LIBRARY OPEN ACCESS
_D0.00
_e742387
_FCBU-MAIN LIBRARY (Kitwe)
_H1
_I0.00
_jSD 242.M27 Low
_M4
_UAVAILABLE
_WJul 13, 2011
_y742387
_ZMain Library Open Access Collection
995 _aSPECIAL COLLECTIONS
_D0.00
_e742385
_FCBU-MAIN LIBRARY (Kitwe)
_H1
_I0.00
_jCIFOR(02)2006/1B
_M2
_UAVAILABLE
_WJul 13, 2011
_y742385
_ZInternational Publications
999 _c77695
_d77695